000 00395nam a2200145Ia 4500
008 230711s9999||||xx |||||||||||||| ||und||
041 _aENG
082 _a620
_bOL-M
100 _aOlivo C ,Thomas
245 0 _aMachine tool technology and manufacturing processes
250 _a1st Ed.
260 _c1989
_aNew Delhi
_bGalgotia Publications Pvt.Ltd
650 _aMechanical Engineering
942 _cBK
999 _c919
_d919